banner koha

Desenvolvimento de uma prova de imunoadsorcao enzimatica para deteccao de anticorpos contra Babesia bovis (Registro n. 166352)

MARC details
000 -LÍDER
campo de controle de tamanho fixo 01056nas a2200361 4500
001 - NÚMERO DE CONTROLE
campo de controle BR0101920
003 - IDENTIFICADOR DO NÚMERO DE CONTROLE
campo de controle BR-BrBNA
005 - DATA E HORÁRIO DA ÚLTIMA TRANSAÇÃO
campo de controle 20231205102220.0
007 - CAMPO FIXO DE DESCRIÇÃO FÍSICA--INFORMAÇÃO GERAL
campo de controle de tamanho fixo ta
008 - CAMPO DE DADOS FIXOS--INFORMAÇÃO GERAL
campo de controle de tamanho fixo 230509b bl.|||p| |||| 00| 00por d
040 ## - FONTE DA CATALOGAÇÃO
Instituição da catalogação original BR-BrBNA
Idioma da catalogação por
Instituição que transcreveu o registro Biblioteca Nacional de Agricultura
041 ## - CÓDIGO DE IDIOMA
Código do idioma do texto/trilha sonora ou título diferente (Pt)
072 ## - CÓDIGO DE CATEGORIA DE ASSUNTO
Código de Categoria de Assunto L73; L70
100 1# - ENTRADA PRINCIPAL--NOME PESSOAL
Nome pessoal Madruga, C.R.
100 1# - ENTRADA PRINCIPAL--NOME PESSOAL
Nome pessoal Araujo, F.R.
100 1# - ENTRADA PRINCIPAL--NOME PESSOAL
Nome pessoal Marques, A.P.C.
100 1# - ENTRADA PRINCIPAL--NOME PESSOAL
Nome pessoal Carvalho, C.M.E.
100 1# - ENTRADA PRINCIPAL--NOME PESSOAL
Nome pessoal Cusinato, F.Q.
100 1# - ENTRADA PRINCIPAL--NOME PESSOAL
Nome pessoal Crocci, A.J.
100 1# - ENTRADA PRINCIPAL--NOME PESSOAL
Nome pessoal Kessler, R.H.
100 1# - ENTRADA PRINCIPAL--NOME PESSOAL
Nome pessoal Miguita, M.
245 1# - TÍTULO
Título Desenvolvimento de uma prova de imunoadsorcao enzimatica para deteccao de anticorpos contra Babesia bovis
650 ## - ASSUNTO--TERMO TÓPICO
Cabeçalho tópico ou nome geográfico Bovino
650 ## - ASSUNTO--TERMO TÓPICO
Cabeçalho tópico ou nome geográfico Protozoario
650 ## - ASSUNTO--TERMO TÓPICO
Cabeçalho tópico ou nome geográfico ELISA
650 ## - ASSUNTO--TERMO TÓPICO
Cabeçalho tópico ou nome geográfico Imunofluorescencia
650 ## - ASSUNTO--TERMO TÓPICO
Cabeçalho tópico ou nome geográfico Soro
650 ## - ASSUNTO--TERMO TÓPICO
Cabeçalho tópico ou nome geográfico Pantanal
650 ## - ASSUNTO--TERMO TÓPICO
Cabeçalho tópico ou nome geográfico Mato Grosso do Sul
773 0# - ENTRADA ANALÍTICA
Título Pesquisa Veterinaria Brasileira (Brazil)
ISSN - International Standard Serial Number ISSN 0100-736X
Partes relacionadas (Oct-Dec 2000), v. 20(4) p. 167-170
Número de controle do registro BR0101920
909 ## -
-- 202311
-- Lúcia
-- 55
-- Lúcia Elande
942 ## - ELEMENTOS DE ENTRADA ADICIONADOS (KOHA)
Fonte da classificação ou esquema de arquivamento na estante Classificação AGRIS
Ocultar no OPAC Não
Tipo de material Koha Analítica
Exemplares
Situação do descarte Fonte da classificação ou esquema de arquivamento na estante Situação física Não pode ser emprestado Biblioteca de origem Biblioteca atual Localização na estante Enumeração do periódico / cronologia Total de empréstimos Data de último acesso Número do exemplar Tipo de material Koha Fonte de aquisição
  Classificação AGRIS   Consulta local Biblioteca Nacional de Agricultura - Binagri Biblioteca Nacional de Agricultura - Binagri   (Oct-Dec 2000), v. 20(4) p. 167-170   29/11/2023 01 Periódicos Portaria Interministerial nº 164/94

BINAGRI

Telefone: (61)3218-2567/2388/3357/2097 - binagri@agro.gov.br

Ministério da Agricultura e Pecuária , Esplanada dos Ministérios, Bloco D, Anexo B, Brasília/DF, CEP: 70.043-900